| 000 | 00694nam a22002177a 4500 | ||
|---|---|---|---|
| 003 | OSt | ||
| 005 | 20260216100242.0 | ||
| 008 | 160219b xxu||||| |||| 00| 0 eng d | ||
| 020 | _a05-721-2005-1 | ||
| 024 | _205-721-2005-1 | ||
| 040 | _cLahore University of Management Sciences | ||
| 082 | _a658 | ||
| 100 |
_aDr Nasir Afghan _9133197 |
||
| 245 |
_aORANGI CHARITABLE TRUST _cDr Nasir Afghan |
||
| 260 |
_aLahore _bLahore University of Management Sciences _c2005 |
||
| 300 | _a17 p. | ||
| 440 |
_aORANGI CHARITABLE TRUST _9133198 |
||
| 590 | _6http://10.250.8.41:8080/xmlui/handle/123456789/56759 | ||
| 856 | _uhttp://10.250.8.41:8080/xmlui/handle/123456789/56759 | ||
| 942 |
_2ddc _cCS |
||
| 999 |
_c351179 _d351179 |
||